| 000 | 00359nam a2200145Ia 4500 | ||
|---|---|---|---|
| 005 | 20250313122905.0 | ||
| 008 | 240331s9999 xx 000 0 und d | ||
| 082 |
_bGNA _a894 |
||
| 100 | _aGnanasekaran, t | ||
| 245 | 0 | _aAlseshanum oru poonaikuddiyum | |
| 260 |
_aColombo _bMallikai Panthal _c1998 |
||
| 300 | _a152 p ., | ||
| 650 | _aShort Stories | ||
| 942 | _cL | ||
| 999 |
_c3751 _d3751 |
||